Statistics for Top 10 Most Famous Women 2023

Click here to take the quiz!

General Stats

  • This quiz has been taken 17 times
  • The average score is 1 of 10

Answer Stats

HintAnswer% Correct
#5Taylor Swift
94%
#3Kamala Harris
19%
#8Abigail Johnson
0%
#2Christine Lagarde
0%
#4Giorgia Meloni
0%
#7Jane Fraser
0%
#6Karen Lynch
0%
#9Mary Barra
0%
#10Melinda French Gates
0%
#1Ursula von der Leyen
0%

Score Distribution

Percentile by Number Answered

Percent of People with Each Score

Your Score History

You have not taken this quiz